| 000 | 00476nam a2200133 a 4500 | ||
|---|---|---|---|
| 001 | 000038673 | ||
| 005 | 20201002031330.0 | ||
| 008 | 130417s2004 dr a 000 0 spa d | ||
| 040 |
_aDO-SdBNP _bspa _cBNPHU |
||
| 100 | 1 |
_aLinares, Manuel _953454 |
|
| 245 | 1 | 0 |
_aTres banderas en el tope : _b1. Defensa de la patria, 2. Defensa de la UASD, 3. Máxima cualificación académica / Manual Linares. |
| 260 |
_aSanto Domingo : _bArtes Gráficas , _c2004. |
||
| 300 |
_a[s. p.] : ; _c21 cm. |
||
| 999 |
_c38163 _d38163 |
||